| 000 | 00559nam a2200157Ia 4500 | ||
|---|---|---|---|
| 008 | 210430s9999 xx 000 0 und d | ||
| 020 | _a978-0471308850 | ||
| 082 | _a620.11 R141 T | ||
| 100 | _aDavid Ragone | ||
| 245 |
_aThermodynamics of Materials Vol 1 _cDavid Ragone |
||
| 260 |
_aNew York _bJohn Wiley & Sons Inc _c1995 |
||
| 300 | _a311p. | ||
| 856 |
_3E-Book link _uhttp://10.250.8.41:8080/xmlui/handle/123456789/47034 _yFor V-II Click here |
||
| 856 |
_uhttp://10.250.8.41:8080/xmlui/handle/123456789/47035 _yFor V-II click here |
||
| 942 |
_cBK _2ddc |
||
| 999 |
_c561908 _d561908 |
||